Copyright : (Record no. 240092)
[ view plain ]
| 000 -LEADER | |
|---|---|
| fixed length control field | 00895cam a22003011a 4500 |
| 001 - CONTROL NUMBER | |
| control field | 6130034 |
| 003 - CONTROL NUMBER IDENTIFIER | |
| control field | BD-DhUL |
| 005 - DATE AND TIME OF LATEST TRANSACTION | |
| control field | 20180408094008.0 |
| 008 - FIXED-LENGTH DATA ELEMENTS--GENERAL INFORMATION | |
| fixed length control field | 740925s1965 enk 001 0 eng |
| 010 ## - LIBRARY OF CONGRESS CONTROL NUMBER | |
| LC control number | 66033158 |
| 015 ## - NATIONAL BIBLIOGRAPHY NUMBER | |
| National bibliography number | GB65-11794 |
| 035 ## - SYSTEM CONTROL NUMBER | |
| System control number | (OCoLC)1020805 |
| 040 ## - CATALOGING SOURCE | |
| Original cataloging agency | DLC |
| Transcribing agency | OTU |
| Modifying agency | MoSU-L |
| -- | Uk |
| -- | BD-DhUL |
| 042 ## - AUTHENTICATION CODE | |
| Authentication code | premarc |
| 043 ## - GEOGRAPHIC AREA CODE | |
| Geographic area code | e-uk--- |
| 050 00 - LIBRARY OF CONGRESS CALL NUMBER | |
| Classification number | KD1289 |
| Item number | .C37 1965 |
| 082 ## - DEWEY DECIMAL CLASSIFICATION NUMBER | |
| Classification number | 655.6 |
| Item number | CAC |
| 100 2# - MAIN ENTRY--PERSONAL NAME | |
| Personal name | Carter-Ruck, Peter Frederick, |
| Dates associated with a name | 1914- |
| 245 10 - TITLE STATEMENT | |
| Title | Copyright : |
| Remainder of title | modern law and practice / |
| Statement of responsibility, etc. | P. F. Carter-Ruck and E. P. Skone James ; edited by F.E. Skone James. |
| 260 ## - PUBLICATION, DISTRIBUTION, ETC. (IMPRINT) | |
| Place of publication, distribution, etc. | London : |
| Name of publisher, distributor, etc. | Faber and Faber, |
| Date of publication, distribution, etc. | c1965. |
| 300 ## - PHYSICAL DESCRIPTION | |
| Extent | 639 p. ; |
| Dimensions | 24 cm. |
| 365 ## - TRADE PRICE | |
| Price type code | IRS |
| Price amount | 117.60 |
| 500 ## - GENERAL NOTE | |
| General note | Includes index. |
| 650 #0 - SUBJECT ADDED ENTRY--TOPICAL TERM | |
| Topical term or geographic name as entry element | Copyright |
| Geographic subdivision | Great Britain. |
| 700 1# - ADDED ENTRY--PERSONAL NAME | |
| Personal name | James, E. P. Skone |
| Relator term | jt. aut. |
| 700 1# - ADDED ENTRY--PERSONAL NAME | |
| Personal name | James, E. P. Skone |
| Relator term | ed. |
| 942 ## - ADDED ENTRY ELEMENTS (KOHA) | |
| Source of classification or shelving scheme | |
| Koha item type | Books |
| Price effective from | Date last seen | Permanent Location | Not for loan | Date acquired | Source of classification or shelving scheme | Koha item type | Lost status | Withdrawn status | Copy number | Source of acquisition | Collection code | Damaged status | Shelving location | Barcode | Current Location | Full call number |
|---|---|---|---|---|---|---|---|---|---|---|---|---|---|---|---|---|
| 2018-04-08 | 2018-04-08 | Dhaka University Library | 1969-02-06 | Books | 3 | Purchased | Non Fiction | General Stacks | A55417 | Dhaka University Library | 655.6 CAC |
